Dlhové financovanie podniku bakalárska práca

Gespeichert in:
Bibliographische Detailangaben
1. Verfasser: Krupeľáková, Lenka
Körperschaft: Podnikovohospodárska fakulta EU so sídlom v Košiciach. Katedra ekonómie
Weitere Verfasser: Verner, Robert, 1986-
Format: Buch
Sprache:Slowakisch
Veröffentlicht: Košice 2018
Tags: Tag hinzufügen
Keine Tags, Fügen Sie das erste Tag hinzu!

MARC

LEADER 00000nbm a2200000 4500
001 0245781
005 20240827092031.2
041 0 |a slo 
044 |a SK 
245 1 0 |a Dlhové financovanie podniku  |b bakalárska práca  |c Lenka Krupeľáková ; školiteľ: Robert Verner 
264 1 |a Košice  |c 2018 
300 |a 40 s. 
100 1 |a Krupeľáková, Lenka 
700 1 |a Verner, Robert, 1986- 
710 2 |a Podnikovohospodárska fakulta EU so sídlom v Košiciach. Katedra ekonómie